ბათუმის შოთა რუსთაველის სახელმწიფო უნივერსიტეტის ბიბლიოთეკა

Электрификация сельско-хозяйственного производства (ბიბ.ჩანაწერი № 45665)

000 -LEADER
fixed length control field 00665nam a2200205Ia 4500
001 - CONTROL NUMBER
control field 12491
003 - CONTROL NUMBER IDENTIFIER
control field GE_BSU
008 - FIXED-LENGTH DATA ELEMENTS--GENERAL INFORMATION
fixed length control field 181216s||||||||xx |||||||||||||| ||und||
040 ## - CATALOGING SOURCE
Transcribing agency GE_BSU
080 ## - UNIVERSAL DECIMAL CLASSIFICATION NUMBER
Universal Decimal Classification number 631.3(075.32)
100 ## - MAIN ENTRY--PERSONAL NAME
Personal name Кирсанов,В.В. Иванов,В.В.
245 ## - TITLE STATEMENT
Title Электрификация сельско-хозяйственного производства
245 ## - TITLE STATEMENT
Statement of responsibility, etc. Ред.Л.М.Рунова
260 ## - PUBLICATION, DISTRIBUTION, ETC.
Place of publication, distribution, etc. Москва
260 ## - PUBLICATION, DISTRIBUTION, ETC.
Name of publisher, distributor, etc. Колос
260 ## - PUBLICATION, DISTRIBUTION, ETC.
Date of publication, distribution, etc. 1980
300 ## - PHYSICAL DESCRIPTION
Extent 255стр.илл.20см.
653 ## - INDEX TERM--UNCONTROLLED
Uncontrolled term Электрификация сельско-хозяйственного производства
942 ## - ADDED ENTRY ELEMENTS (KOHA)
Koha item type წიგნი
ეგზემპლარები
Withdrawn status Lost status Damaged status Not for loan Date acquired Barcode Date last seen Price effective from Koha item type
        2018-12-17 20676 2018-12-17 2018-12-17 წიგნი
        2018-12-17 20679 2018-12-17 2018-12-17 წიგნი
        2018-12-17 20678 2018-12-17 2018-12-17 წიგნი
        2018-12-17 20677 2018-12-17 2018-12-17 წიგნი
        2018-12-17 20680 2018-12-17 2018-12-17 წიგნი